=LDR 00000nam 2200000 4500 =001 INLIS000000000018498 =005 20130612113654 =008 ***********************************Ind** =035 ##$$0010-061300000018498 =041 ##$$a Ind =082 ##$$a 346.07 =090 ##$$a 346.07, Gau s =100 ##$$a Gautama, Sudarja =245 ##$$a Segi-segi hukum hak milik intelektual, Sudarjo Gautama =260 ##$$a 1995 $b BandungBandung =300 ##$$a vi, 412 hlm, 21 cm =850 ##$$a NBPNMAT